| 000 | 00452nab a2200145Ia 4500 | ||
|---|---|---|---|
| 003 | ES-SlBCS | ||
| 005 | 20210601124315.0 | ||
| 008 | 140529s1985 xxu||||| |||| 00| 0 eng d | ||
| 041 | _aeng | ||
| 100 | 1 |
_aGrob, Leonard M. _9139502 |
|
| 245 | 0 | 0 |
_aBuberian Peace Education in the Mideast: A Buberian Critique _c Leonard M. Grob |
| 650 | 0 | 4 |
_aEducación _986687 |
| 773 | 0 |
_tEducational Theory _gvol. 35, nº. 4, 1985, págs. 423-432 _wRev1399 |
|
| 942 | _cAR | ||
| 999 |
_c512675 _d512675 |
||